Advancement with our language today /

Bibliographic Details
Other Authors: Conlin, David A.
Format: Book
Language:English
Published: New York : American Book Company, [1971]
Edition:Teacher's annotated ed.
Series:Our language today series.
Subjects:

MARC

Tag First Indicator Second Indicator Subfields
LEADER 00000cam a2200000 i 4500
001 in00000066355
005 20151008051900.0
008 800508s1971 nyua 00100 eng d
020 |a 0278419658 
035 |a (OCoLC)06297854 
035 |9 AAH0529AM 
040 |a TXA  |c TXA  |d UtOrBLW 
049 |a [Curr Col] TXAM  |c [931088] 
090 |a PE1112  |b .A3 1971a 
245 0 0 |a Advancement with our language today /  |c David A. Conlin [and others]. 
250 |a Teacher's annotated ed. 
264 1 |a New York :  |b American Book Company,  |c [1971] 
264 4 |c ©1971 
300 |a 372, G99 pages, 33 unnumbered pages :  |b illustrations (some color) ;  |c 24 cm. 
336 |a text  |b txt  |2 rdacontent 
337 |a unmediated  |b n  |2 rdamedia 
338 |a volume  |b nc  |2 rdacarrier 
490 1 |a Our language today series 
500 |a Level 6. 
500 |a Includes index. 
504 |a Bibliography: p. G95-G99. 
650 0 |a English language  |x Grammar. 
700 1 |a Conlin, David A. 
830 0 |a Our language today series. 
999 |a MARS 
999 f f |s 40d803a2-50f2-3357-970d-5810442799a2  |i 257d94cc-c3aa-3867-83c6-d5322148c2f5  |t 0 
952 f f |p ric  |a Texas A&M University  |b Rellis Campus  |c Joint Library Facility  |s JLF  |d Remote Storage  |t 0  |e PE1112 .A3 1971a  |h Library of Congress classification  |i unmediated -- volume  |m A14800229782 
998 f f |a PE1112 .A3 1971a  |t 0  |l Remote Storage